000 07028cam a22019574i 4500
003 PE-LiUPU
005 20250813165914.0
008 150706s2012 sp a r 000 0 spa d
020 _a9780781780629
_q(edición original)
020 _a9788415419471
_q(edición en español)
035 _a(Sirsi) i9780781780629
040 _aPE-LiUPU
_bspa
_cPE-LiUPU
_erda
041 1 _aspa
_heng
049 _aPRUA
082 0 4 _a610.73
_bJ39
_221
082 0 4 _a610.73
_bJ39 2012
100 1 _aJensen, Sharon,
_eautor.
245 1 0 _aValoración de la salud en enfermería :
_buna guía para la práctica /
_cSharon Jensen ; [traducción, Llorenç Serrahima Formosa, Elisa Vilaret Fusté, MedicLingua].
264 1 _aL'Hospitalet de Llobregat, Barcelona :
_bLippincott Williams & Wilkins,
_c2012.
300 _a962 páginas :
_bilustraciones ;
_c28 centímetros
336 _atext
_2rdacontent
337 _aunmediated
_2rdamedia
338 _avolume
_2rdacarrier
500 _aEdición en español de la versión original en inglés: Nursing health assessment : a best practice approach. 2011.
505 0 _aÍndice de capítulos -- Agradecimientos -- Colaboradores -- Revisores -- Prefacio -- UNIDAD I Fundamentos de la valoración inicial de la salud -- 1 Función del profesional de enfermería en la valoración inicial de la salud -- 2 Entrevista y diagnóstico terapéutico -- 3 La anamnesis -- 4 Técnicas de exploración física e instrumental -- 5 Registro y comunicación interdisciplinaria -- UNIDAD II Exámenes generales -- 6 Valoración de la exploración general y de las constantes vitales -- 7 Valoración del dolor -- 8 Valoración nutricional -- 9 Valoración de las etapas del desarrollo -- 10 Valoración de la salud mental -- 11 Valoración dela salud social, cultural y espiritual -- 12 Valoración de la violencia -- UNIDAD III Exploración por regiones -- 13 Valoración de la piel, el pelo y las uñas -- 14 Valoración de la cabeza, el cuello y su sistema linfático -- 15 Valoración de los ojos -- 6 Valoración de los oídos -- 17 Valoración otorrinolaringológica -- 18 Valoración torácica y pulmonar -- 19 Valoración del corazón y los vasos cervicales -- 20 Valoración de la circulación periférica sanguínea y linfática -- 21 Valoración de las mamas y las axilas -- 22 Valoración abdominal -- 23 Valoración osteomuscular -- 24 Valoración neurológica -- 25 Valoración de los genitales y el recto masculinos -- 26 Valoración de los genitales y el recto femeninos -- UNIDAD IV Poblaciones especiales -- 27 Mujeres embarazadas -- 28 Recién nacidos y lactancia -- 29 Infancia y adolescencia -- 30 Personas mayores -- UNIDAD V Cuadro complejo -- 31 Exploración física completa del adulto -- Apéndice -- Crédito de las figuras --Índice alfabético de materias.
526 _aP203
526 _aP200
526 _aSEG65
526 _aSEG64
526 _aSEG63
526 _aSEG62
526 _aSEG61
526 _aSEG60
526 _aSEG59
526 _aSEG58
526 _aSEG57
526 _aSEG56
526 _aSEG55
526 _aSEG54
526 _aSEG53
526 _aSEG52
526 _aSEG51
526 _aSEG50
526 _aSEG49
526 _aSEG48
526 _aSEG47
526 _aSEG46
526 _aSEG24
526 _aSEG23
526 _aSEG22
526 _aSEG21
526 _aSEG20
526 _aSEG19
526 _aSEG18
526 _aSEG17
526 _aSEG16
526 _aSEG14
526 _aSEG13
526 _aSEG12
526 _aSEG11
526 _aSEG10
526 _aSEG09
526 _aSEG06
526 _aSEG05
526 _aSEG04
526 _aSEG03
526 _aSEG02
526 _aSEG68
526 _aSEG66
526 _aSEG45
526 _aSEG25
526 _aSEG01
526 _aP163
526 _aP162
526 _aP161
526 _aP160
526 _aP159
526 _aP158
526 _aP157
526 _aP156
526 _aP155
526 _aP154
526 _aP153
526 _aP152
526 _aP151
526 _aP150
526 _aP149
526 _aP142
526 _aP141
526 _aP140
526 _aP139
526 _aP138
526 _aP137
526 _aP132
526 _aP131
526 _aP130
526 _aP126
526 _aP125
526 _aP124
526 _aP123
526 _aP115
526 _aP122
526 _aP121
526 _aP116
526 _a P114
526 _aP112
526 _aP111
526 _aP104
526 _aP103
526 _aP102
526 _aP101
526 _aP100
526 _aP96
526 _aP95
526 _aP93
526 _aP92
526 _aP91
526 _aP88
526 _aP83
526 _aP82
526 _aP79
526 _aP78
526 _aP75
526 _aP74
526 _aP71
526 _aP69
526 _a P51
526 _aP49
526 _aP48
526 _aP47
526 _aP33
526 _aP31
526 _a P30
526 _aP29
526 _aP27
526 _aP26
526 _aP25
526 _aP24
526 _a P22
526 _aP10
526 _aP09
526 _a P08
526 _aP06
526 _aP05
526 _aP04
526 _aP01
534 _pTítulo Original :
_tNursing health assessment : a best practice approach.
541 _g0020-0002808;
650 0 4 _aEvaluación en Enfermería.
650 0 4 _aEnfermería
_vManuales.
650 0 4 _aSalud
_xEvaluación
_vManuales.
650 0 4 _aAtención al enfermo
_vManuales.
700 1 _aSerrahima Formosa, Llorenc,
_etraductor.
910 _cng
_d20130507
910 _armch
_btqv
_cwelc
_d20170803
942 _2ddc
_cBOOK
949 _a610.73 J39
_wDEWEY
_lCCODEBUL1
_mBUL
_p197.50
_r0
_sY
_tBOOK
_u2015-7-6
_o.STAFF. Colección General
949 _a610.73 J39 2012
_wDEWEY
_c1
_iFJ08455
_lCCODEBUJ1
_mBUJ
_p149.54
_r0
_sY
_tBOOK
_u2017-08-03
_xSALUD
_PP22
_0COMPRA
_o.STAFF. Colección General Juliaca
994 _aC0
_bPEPRU
596 _a1 3
999 _a610.73 J39
_wDEWEY
_c54796
_i67091
_d54796
_e2017-8-8
_f2021-11-3
_g5
_lCCODEBUL1
_mBUL
_n1
_p82.00
_q1
_r0
_sY
_tBOOK
_u2015-7-6
_xSALUD
_PP22
_0COMPRA
_o.STAFF. Colección Ciencias de la Salud
999 _a610.73 J39
_wDEWEY
_c2
_i67092
_d2016-4-20
_e2016-4-19
_f2021-11-3
_g5
_lCCODEBUL1
_mBUL
_n1
_p82.00
_r0
_sY
_tBOOK
_u2015-7-6
_xSALUD
_PP22
_0COMPRA
_o.STAFF. Colección Ciencias de la Salud
999 _a610.73 J39
_wDEWEY
_c3
_i72877
_d2017-5-26
_e2017-5-24
_f2021-11-3
_g5
_lCCODEBUL1
_mBUL
_n1
_p197.50
_r0
_sY
_tBOOK
_u2016-3-4
_xSALUD
_PP22
_0COMPRA
_o.CIRCNOTE.
_o.STAFF. Colección Ciencias de la Salud
999 _a610.73 J39 2012
_wDEWEY
_c1
_iFJ08455
_d2018-10-11
_e2018-6-8
_f2022-1-25
_g4
_lCCODEBUJ1
_mBUJ
_n3
_p149.54
_q2
_r0
_sY
_tBOOK
_u2017-8-3
_xSALUD
_PP22
_0COMPRA
_o.STAFF. Colección General Juliaca
980 _81
_gALBERTO SANCHEZ Responsable de Automatización